000 00394nam a2200121Ia 4500
008 160609s9999 xx 000 0 und d
100 _aKiner, Robert W.
245 4 _aThe Brain And Strengths Based School Leadership
245 _cBy:Robert W. Kiner, Sheryl G. Feinstein
260 _c2011
650 _xEDUCATIONAL LEADERSHIP
856 _uhttp://file.ebook777.com/017/TheBraAndStrBasSchLea.pdf
999 _c295926
_d295926